000 00334nam a22001457a 4500
003 OSt
005 20211224091217.0
008 211224b |||||||| |||| 00| 0 eng d
020 _a0024154253
040 _cHU
082 _25th
_a004.6
100 _aStallings
_924267
245 _aData Computer Communications
942 _2ddc
_cBOOKS
_n0
999 _c23873
_d23873